|
|
|
|
| LEADER |
00975nam a2200217 a 4500 |
| 001 |
00025574 |
| 008 |
120712s20112007enk 001 0 eng d |
| 020 |
|
|
|a 9781405847742
|
| 040 |
|
|
|a BD-DhAAL
|c BD-DhAAL
|
| 082 |
0 |
0 |
|a 428.0071/1
|2 22
|
| 100 |
1 |
|
|a Jeremy, Harmer.
|
| 245 |
1 |
0 |
|a How to teach English /
|c Harmer Jeremy.
|
| 260 |
|
|
|a Essex :
|b Pearson Education ;
|c 2007.[Seventh impression 2011 ]
|
| 300 |
|
|
|a 288 p. ;
|c 25 cm.+ 1 DVD (4 3/4 in.) .
|
| 504 |
|
|
|a Includes index.
|
| 541 |
|
|
|a 00025574
|
| 650 |
|
0 |
|a English language
|x Study and teaching
|
| 852 |
1 |
|
|a Ayesha Abed Library
|j General shelf
|
| 999 |
|
|
|c 12567
|d 12567
|
| 952 |
|
|
|0 0
|1 0
|4 0
|6 428_007110000000000_JER
|7 0
|9 20733
|a BRACUL
|b BRACUL
|c GEN
|d 2012-07-12
|e Amazon.com
|g 44.03
|l 8
|m 55
|o 428.00711 JER
|p 3010025574
|q 2026-06-02
|r 2026-01-20
|s 2026-01-20
|t 1
|w 2012-07-16
|y BK
|
| 952 |
|
|
|0 0
|1 0
|2 ddc
|4 0
|6 428_007110000000000_JER
|7 0
|9 20736
|a BRACUL
|b BRACUL
|c AV
|d 2012-07-12
|l 1
|o 428.00711 JER
|p 4010025574
|r 2012-08-08
|s 2012-08-08
|t 1
|w 2012-07-17
|y AV
|